[Event "30. Torneo San Viator 2018"]
[Site "Madrid ESP"]
[Date "2018.05.27"]
[Round "7.12"]
[White "Garcia Galeote, Lorenzo"]
[Black "Cid Garcia, Ramon"]
[Result "1/2-1/2"]
[WhiteElo "1972"]
[BlackElo "1847"]
[PlyCount "40"]
[EventDate "2018.04.08"]
[EventType "swiss"]
[EventRounds "9"]
[EventCountry "ESP"]
[SourceTitle "Ajedrez en Madrid"]
[Source "lmi"]
[SourceDate "2018.04.08"]

1. Nf3 c5 2. g3 Nc6 3. Bg2 g6 4. O-O Bg7 5. c4 d5 6. cxd5 Qxd5 7. Nc3 Qd7 8. e3
e5 9. Qe2 Nge7 10. b3 O-O 11. Bb2 b6 12. Rfd1 Bb7 13. d3 Rad8 14. Rd2 Rfe8 15.
Qd1 Qc8 16. Rc1 Qb8 17. Ne2 e4 18. Ne1 Bxb2 19. Rxb2 exd3 20. Nf4 Ne5 1/2-1/2

[Event "30. Torneo San Viator 2018"]
[Site "Madrid ESP"]
[Date "2018.05.27"]
[Round "7.13"]
[White "Linares Leyva, David"]
[Black "Lobato Rivero, Carlos"]
[Result "1-0"]
[WhiteElo "1756"]
[BlackElo "1968"]
[PlyCount "77"]
[EventDate "2018.04.08"]
[EventType "swiss"]
[EventRounds "9"]
[EventCountry "ESP"]
[SourceTitle "Ajedrez en Madrid"]
[Source "lmi"]
[SourceDate "2018.04.08"]

1. c4 e5 2. g3 Nc6 3. Bg2 f5 4. d3 Bb4+ 5. Nc3 Nf6 6. a3 Bxc3+ 7. bxc3 O-O 8.
Nf3 d6 9. O-O Qe8 10. Rb1 b6 11. a4 Bd7 12. Ne1 Rd8 13. Ra1 Na5 14. Qc2 Kh8 15.
Qa2 Qh5 16. Ba3 Bc6 17. Bb4 Bxg2 18. Kxg2 g5 19. Bxa5 bxa5 20. Nf3 e4 21. Ng1
f4 22. dxe4 fxg3 23. hxg3 Ng4 24. Nh3 Rde8 25. c5 Qg6 26. Qd5 Rxf2+ 27. Kg1
Rxf1+ 28. Rxf1 Qh5 29. Qd4+ Kg8 30. Kg2 Ne5 31. Rf2 Rf8 32. Qd5+ Kg7 33. cxd6
Rxf2+ 34. Nxf2 Qe8 35. dxc7 Nd7 36. Qxg5+ Kf7 37. Qf5+ Nf6 38. Qc5 Qc8 39. Qxa7
1-0

[Event "30. Torneo San Viator 2018"]
[Site "Madrid ESP"]
[Date "2018.05.27"]
[Round "7.14"]
[White "Jimenez Gonzalez, Marcos"]
[Black "Gil Sierra, Jacinto"]
[Result "0-1"]
[WhiteElo "1802"]
[BlackElo "1897"]
[PlyCount "68"]
[EventDate "2018.04.08"]
[EventType "swiss"]
[EventRounds "9"]
[EventCountry "ESP"]
[SourceTitle "Ajedrez en Madrid"]
[Source "lmi"]
[SourceDate "2018.04.08"]

1. e4 c5 2. Nf3 Nc6 3. d4 cxd4 4. Nxd4 Nf6 5. Nc3 d6 6. Bg5 e6 7. Qd2 a6 8.
O-O-O h6 9. Bxf6 Qxf6 10. Nxc6 bxc6 11. Bd3 d5 12. Kb1 Rb8 13. exd5 cxd5 14.
Rhe1 Bb4 15. Ka1 O-O 16. f4 Bb7 17. a3 Bd6 18. Ka2 Bxf4 19. Qe2 Bxh2 20. Qh5
Bd6 21. Rf1 Qg5 22. Qh3 Be5 23. g4 Rfc8 24. Be2 Rc7 25. Rc1 Rbc8 26. Bd3 Bxc3
27. bxc3 Rxc3 28. Rb1 Qe7 29. Rb3 d4 30. Rxc3 Rxc3 31. Kb1 Qxa3 32. Qh5 Qb4+
33. Kc1 Qe7 34. g5 Qxg5+ 0-1

[Event "30. Torneo San Viator 2018"]
[Site "Madrid ESP"]
[Date "2018.05.27"]
[Round "7.15"]
[White "Montoya Gandia, Manuel"]
[Black "Rosa Ramirez, Victor D"]
[Result "1/2-1/2"]
[WhiteElo "1639"]
[BlackElo "1884"]
[PlyCount "139"]
[EventDate "2018.04.08"]
[EventType "swiss"]
[EventRounds "9"]
[EventCountry "ESP"]
[SourceTitle "Ajedrez en Madrid"]
[Source "lmi"]
[SourceDate "2018.04.08"]

1. d4 d5 2. c4 e6 3. Nf3 c6 4. Nc3 dxc4 5. a4 Bb4 6. e3 b5 7. axb5 Bxc3+ 8.
bxc3 cxb5 9. Be2 Bb7 10. O-O Ne7 11. Ba3 O-O 12. Rb1 Bc6 13. Ne5 a6 14. Nxc6
Nbxc6 15. Bf3 Rc8 16. e4 Re8 17. Qe2 Ng6 18. g3 Qa5 19. Bb2 Qb6 20. Ba3 Na5 21.
h4 Nb3 22. h5 Ne7 23. Bc1 Qa5 24. Bd2 Qa2 25. Rbd1 Qc2 26. h6 a5 27. Qe3 Ng6
28. Bh5 gxh6 29. Qxh6 Nxd2 30. Rxd2 Qxe4 31. Re2 Qf5 32. Kg2 Qf6 33. Qe3 a4 34.
Rh1 e5 35. Bxg6 fxg6 36. dxe5 Qc6+ 37. f3 a3 38. e6 Rc7 39. Qe5 Rce7 40. Rhe1
a2 41. Qd4 Rxe6 42. Rxe6 Rxe6 43. Qd8+ Kf7 44. Rd1 Re2+ 45. Kh3 Qe6+ 46. g4
a1=Q 47. Rxa1 Qe7 48. Qd5+ Kg7 49. Qd4+ Qe5 50. Ra7+ Kh6 51. g5+ Qxg5 52. Qg7+
Kh5 53. Qxh7+ Qh6 54. Qxh6+ Kxh6 55. Rb7 Rb2 56. Kg4 Rb3 57. f4 Rxc3 58. Rxb5
Rc1 59. Rb6 Rg1+ 60. Kh4 Kg7 61. Rc6 Rc1 62. Kg5 Rg1+ 63. Kh4 Rh1+ 64. Kg5 Rg1+
65. Kh4 Rc1 66. Kg5 Kf7 67. Rc7+ Ke6 68. Kxg6 Rg1+ 69. Kh5 Kf5 70. Rc5+ 1/2-1/2

[Event "30. Torneo San Viator 2018"]
[Site "Madrid ESP"]
[Date "2018.05.27"]
[Round "7.16"]
[White "Del Rio Perezagua, Mario"]
[Black "Muñoz Cebey, Ricardo"]
[Result "1/2-1/2"]
[WhiteElo "1881"]
[BlackElo "1793"]
[PlyCount "100"]
[EventDate "2018.04.08"]
[EventType "swiss"]
[EventRounds "9"]
[EventCountry "ESP"]
[SourceTitle "Ajedrez en Madrid"]
[Source "lmi"]
[SourceDate "2018.04.08"]

1. e4 c6 2. d4 d5 3. e5 Bf5 4. Nc3 Qb6 5. g4 Bd7 6. h3 e6 7. Nge2 c5 8. Be3
cxd4 9. Bxd4 Bc5 10. Bxc5 Qxc5 11. Qd4 Qc7 12. f4 Nc6 13. Qc5 a6 14. Na4 b5 15.
Nb6 Rb8 16. Nxd7 Kxd7 17. O-O-O Nge7 18. Bg2 Rhc8 19. Nd4 Nxd4 20. Qxc7+ Rxc7
21. Rxd4 Nc6 22. Rd2 Rbc8 23. Kb1 Na5 24. Bf1 g6 25. Bd3 Nc4 26. Re2 b4 27. Rg1
a5 28. f5 Rf8 29. h4 d4 30. h5 Rc5 31. hxg6 hxg6 32. fxg6 fxg6 33. Bxg6 Rxe5
34. Bd3 Rxe2 35. Bxe2 Ne3 36. Kc1 e5 37. Bd3 Ke6 38. Rg3 Kd5 39. g5 e4 40. Bb5
Rg8 41. g6 Ke5 42. Kd2 Kf6 43. c3 bxc3+ 44. bxc3 Rxg6 45. Rxg6+ Kxg6 46. cxd4
Nf5 47. Bc6 Nxd4 48. Bxe4+ Kf6 49. Kc3 Ke5 50. Bd3 Kd5 1/2-1/2

[Event "30. Torneo San Viator 2018"]
[Site "Madrid ESP"]
[Date "2018.05.27"]
[Round "7.17"]
[White "Padin Lazaro, Jose Manuel"]
[Black "Fernandez Quintero, Jose Antonio"]
[Result "1-0"]
[WhiteElo "1870"]
[BlackElo "1813"]
[PlyCount "51"]
[EventDate "2018.04.08"]
[EventType "swiss"]
[EventRounds "9"]
[EventCountry "ESP"]
[SourceTitle "Ajedrez en Madrid"]
[Source "lmi"]
[SourceDate "2018.04.08"]

1. e4 e6 2. d4 d5 3. Nc3 dxe4 4. Nxe4 Bd7 5. Nf3 Bc6 6. Bd3 Nd7 7. c3 Ngf6 8.
Nxf6+ Qxf6 9. Bg5 Bxf3 10. Qd2 Bxg2 11. Bxf6 Bxh1 12. Bh4 Bd6 13. Qg5 f6 14.
Qh5+ Ke7 15. O-O-O Bc6 16. Re1 b5 17. d5 Ne5 18. Rxe5 Bxe5 19. Qxe5 Bxd5 20.
Qxc7+ Kf8 21. Bxb5 h5 22. Bd3 Rh6 23. f4 Bxa2 24. c4 a5 25. f5 e5 26. Qd6+ 1-0

[Event "30. Torneo San Viator 2018"]
[Site "Madrid ESP"]
[Date "2018.05.27"]
[Round "7.18"]
[White "Recuenco Andres, Javier"]
[Black "Casares Sanchez, Rodrigo"]
[Result "1/2-1/2"]
[WhiteElo "1869"]
[BlackElo "1702"]
[PlyCount "51"]
[EventDate "2018.04.08"]
[EventType "swiss"]
[EventRounds "9"]
[EventCountry "ESP"]
[SourceTitle "Ajedrez en Madrid"]
[Source "lmi"]
[SourceDate "2018.04.08"]

1. e4 e6 2. d4 d5 3. Nd2 c5 4. exd5 Qxd5 5. Ngf3 cxd4 6. Bc4 Qd7 7. Nb3 Nc6 8.
O-O Nf6 9. Bf4 a6 10. a4 Be7 11. Ne5 Nxe5 12. Bxe5 b6 13. Qxd4 Qxd4 14. Bxd4
Bd8 15. f4 O-O 16. h3 Ne4 17. Bd3 Bb7 18. f5 exf5 19. Rxf5 Bc7 20. a5 b5 21.
Nc5 Nxc5 22. Bxc5 Rfe8 23. Raf1 f6 24. b4 Rad8 25. g4 h6 26. R5f2 1/2-1/2

[Event "30. Torneo San Viator 2018"]
[Site "Madrid ESP"]
[Date "2018.05.27"]
[Round "7.19"]
[White "Rojo Jorge, Luis"]
[Black "Torres Samper, Rafael"]
[Result "0-1"]
[WhiteElo "1654"]
[BlackElo "1920"]
[PlyCount "106"]
[EventDate "2018.04.08"]
[EventType "swiss"]
[EventRounds "9"]
[EventCountry "ESP"]
[SourceTitle "Ajedrez en Madrid"]
[Source "lmi"]
[SourceDate "2018.04.08"]

1. e4 c5 2. Nf3 d6 3. d4 cxd4 4. Nxd4 Nf6 5. Nc3 a6 6. f3 e6 7. Be3 Nc6 8. Nb3
b5 9. Qd2 Bb7 10. Bd3 Rc8 11. a3 Be7 12. O-O Ne5 13. Rad1 O-O 14. Qf2 Ned7 15.
Be2 Qc7 16. Rd2 d5 17. Rfd1 Nc5 18. Nxc5 Bxc5 19. Bxc5 Qxc5 20. Qxc5 Rxc5 21.
e5 Nd7 22. f4 Nb6 23. Rd4 Rfc8 24. Rb4 Nc4 25. Rd4 Nxa3 26. Bd3 Nc4 27. Kf2
Nxb2 28. Rxb2 Rxc3 29. Ra2 f6 30. Ke2 fxe5 31. fxe5 Rf8 32. Ra1 Rc7 33. Rh4 g6
34. Rf1 Rxf1 35. Kxf1 Bc6 36. Rd4 a5 37. Ke2 a4 38. Rb4 a3 39. Rb1 Ra7 40. c3
Ra4 41. Kd2 b4 42. Kc2 bxc3 43. Kxc3 a2 44. Ra1 Ra3+ 45. Kc2 d4 46. g3 Bd5 47.
Kd2 Kg7 48. h4 Ra8 49. Be2 Rf8 50. Kd3 Rb8 51. Kc2 Rb1 52. Rxb1 Be4+ 53. Kb2
axb1=Q+ 0-1

[Event "30. Torneo San Viator 2018"]
[Site "Madrid ESP"]
[Date "2018.05.27"]
[Round "7.20"]
[White "Manas Molina, Angel"]
[Black "Sanchez Fernandez, Juan Antonio"]
[Result "1-0"]
[WhiteElo "1829"]
[BlackElo "1751"]
[PlyCount "56"]
[EventDate "2018.04.08"]
[EventType "swiss"]
[EventRounds "9"]
[EventCountry "ESP"]
[SourceTitle "Ajedrez en Madrid"]
[Source "lmi"]
[SourceDate "2018.04.08"]

1. e4 e5 2. Nc3 Nf6 3. f4 d5 4. fxe5 Nxe4 5. Nf3 Bg4 6. Be2 c5 7. O-O Nc6 8. d3
Nxc3 9. bxc3 Be7 10. d4 O-O 11. Be3 c4 12. Qe1 Bf5 13. Bd1 b5 14. Qg3 Rb8 15.
h4 Bg6 16. Ng5 h6 17. Nxf7 Rxf7 18. Qxg6 Rxf1+ 19. Kxf1 Qf8+ 20. Bf3 Rb6 21.
Qe6+ Kh8 22. Qxd5 Bxh4 23. Qe4 Bd8 24. d5 Ne7 25. Bxb6 Bxb6 26. d6 Nf5 27. Qa8
Qd8 28. Qxd8+ Bxd8 1-0

[Event "30. Torneo San Viator 2018"]
[Site "Madrid ESP"]
[Date "2018.05.27"]
[Round "7.21"]
[White "Montes De Santiago, Fernando"]
[Black "Martinez Rubio, Felipe"]
[Result "0-1"]
[WhiteElo "1763"]
[BlackElo "1728"]
[PlyCount "136"]
[EventDate "2018.04.08"]
[EventType "swiss"]
[EventRounds "9"]
[EventCountry "ESP"]
[SourceTitle "Ajedrez en Madrid"]
[Source "lmi"]
[SourceDate "2018.04.08"]

1. e4 c5 2. Nf3 e6 3. d4 cxd4 4. Nxd4 Nf6 5. Bd3 Nc6 6. Nf3 Qc7 7. O-O h6 8. b3
Bc5 9. Bb2 Qf4 10. Qd2 Nh5 11. a3 O-O 12. b4 Bd6 13. c4 b6 14. Bc2 Bc7 15. Qd3
Ne5 16. Nxe5 Bxe5 17. Bxe5 Qxe5 18. Nd2 Nf4 19. Qf3 Bb7 20. Rac1 d5 21. exd5
exd5 22. Rfe1 Qf6 23. Ba4 Rab8 24. c5 bxc5 25. bxc5 Qd4 26. c6 Qxa4 27. cxb7
Rxb7 28. g3 Nh3+ 29. Kg2 Ng5 30. Qxd5 Rd7 31. Qa2 Qd4 32. Nf3 Nxf3 33. Kxf3
Rfd8 34. Re2 Qb6 35. Qb1 Rd3+ 36. Kg2 Qa5 37. Re8+ Rxe8 38. Qxd3 Rd8 39. Qf3
Qd5 40. Qxd5 Rxd5 41. Rc8+ Kh7 42. Rc3 a5 43. Kf3 Rb5 44. Ke3 Kg6 45. Kd4 Rb2
46. Rc6+ f6 47. Rc5 Rxf2 48. Rxa5 Rxh2 49. Ke3 h5 50. Kf3 Ra2 51. Ra7 Kh6 52.
a4 g6 53. a5 Kg5 54. Ra8 Ra3+ 55. Kf2 Kg4 56. a6 Ra2+ 57. Ke3 Kxg3 58. a7 g5
59. Ke4 Ra5 60. Rf8 Rxa7 61. Rxf6 h4 62. Rf1 Ra2 63. Rf3+ Kg2 64. Rf5 g4 65.
Rg5 Kh3 66. Kf4 Rf2+ 67. Ke3 Rf7 68. Ke2 g3 0-1

[Event "30. Torneo San Viator 2018"]
[Site "Madrid ESP"]
[Date "2018.05.27"]
[Round "7.22"]
[White "Morales Martin, Javier"]
[Black "Mihalcea, George Andrei"]
[Result "1-0"]
[WhiteElo "1747"]
[BlackElo "1791"]
[PlyCount "101"]
[EventDate "2018.04.08"]
[EventType "swiss"]
[EventRounds "9"]
[EventCountry "ESP"]
[SourceTitle "Ajedrez en Madrid"]
[Source "lmi"]
[SourceDate "2018.04.08"]

1. d4 d5 2. Bf4 Nf6 3. e3 Bf5 4. Nf3 e6 5. c4 c6 6. Qb3 Bxb1 7. Rxb1 Qa5+ 8.
Ke2 b6 9. g3 Be7 10. Bg2 Nh5 11. Be5 Nd7 12. g4 Nhf6 13. h3 O-O 14. Rhc1 Ne4
15. Rc2 Rac8 16. a3 f6 17. Bh2 e5 18. Rbc1 exd4 19. Nxd4 Ndc5 20. Qb4 Qa6 21.
Nf5 Rfe8 22. Nxe7+ Rxe7 23. Bxe4 dxe4 24. Rd1 Re6 25. Rcd2 Nd3 26. Qc3 Rd8 27.
f3 Rde8 28. fxe4 Nc5 29. Rd8 Nxe4 30. Rxe8+ Rxe8 31. Qd4 Qa4 32. Qd3 a6 33. Rc1
Nc5 34. Qd1 Qa5 35. Rc3 Ne4 36. Rd3 Qc5 37. Rd4 f5 38. Qd3 Qe7 39. gxf5 Nc5 40.
Qc3 Na4 41. Qb3 Nxb2 42. c5+ Kh8 43. Bd6 Qg5 44. Rg4 Qf6 45. e4 Qd4 46. e5
Rxe5+ 47. Bxe5 Qxe5+ 48. Qe3 Qh2+ 49. Ke1 Qh1+ 50. Rg1 Nd3+ 51. Kf1 1-0

[Event "30. Torneo San Viator 2018"]
[Site "Madrid ESP"]
[Date "2018.05.27"]
[Round "7.23"]
[White "Cano Mercado, Francisco Manuel"]
[Black "Tenorio Garcia, Joel"]
[Result "1/2-1/2"]
[WhiteElo "1824"]
[BlackElo "1593"]
[PlyCount "52"]
[EventDate "2018.04.08"]
[EventType "swiss"]
[EventRounds "9"]
[EventCountry "ESP"]
[SourceTitle "Ajedrez en Madrid"]
[Source "lmi"]
[SourceDate "2018.04.08"]

1. d4 Nf6 2. Bf4 g6 3. e3 Bg7 4. Nd2 d6 5. h3 c5 6. c3 Be6 7. Ngf3 Nc6 8. Be2
Rc8 9. O-O cxd4 10. exd4 Qb6 11. Ng5 Qxb2 12. Nxe6 fxe6 13. Bxd6 Bh6 14. Nc4
Qxc3 15. Be5 Nxe5 16. dxe5 Nd5 17. Qa4+ Kf7 18. Ne3 Qxe5 19. Ng4 Qxe2 20. Nxh6+
Kg7 21. Ng4 h5 22. Qd4+ Kh7 23. Ne5 Rhf8 24. Rae1 Qc2 25. Qxa7 Ra8 26. Qd4 Ra4
1/2-1/2

[Event "30. Torneo San Viator 2018"]
[Site "Madrid ESP"]
[Date "2018.05.27"]
[Round "7.24"]
[White "Barahona Torrijos, Angel"]
[Black "Sanchez Gomez, Emiliano"]
[Result "0-1"]
[WhiteElo "1862"]
[BlackElo "1742"]
[PlyCount "77"]
[EventDate "2018.04.08"]
[EventType "swiss"]
[EventRounds "9"]
[EventCountry "ESP"]
[SourceTitle "Ajedrez en Madrid"]
[Source "lmi"]
[SourceDate "2018.04.08"]

1. e4 c5 2. a3 Nf6 3. e5 Nd5 4. c4 Nc7 5. b4 d6 6. exd6 exd6 7. Bb2 Qe7+ 8. Be2
Nc6 9. Nf3 d5 10. cxd5 Nxd5 11. O-O Be6 12. b5 Na5 13. Qa4 b6 14. Nc3 Nf6 15.
Ne5 Qc7 16. Ne4 Be7 17. Nxf6+ Bxf6 18. Qe4 O-O 19. d4 Nb3 20. Rad1 Nxd4 21.
Bxd4 cxd4 22. Nc6 Rae8 23. Bd3 g6 24. Qf3 Bg7 25. g4 Qd6 26. Be4 f5 27. gxf5
Bxf5 28. Bd5+ Kh8 29. Qb3 Be4 30. Bf7 Rxf7 31. Qxf7 Rf8 32. Qe7 Qf4 33. f3 Bxf3
34. Rd3 Qg4+ 35. Kf2 Bxc6+ 36. Qxf8+ Bxf8 37. bxc6 Be7 38. Rf3 d3 39. Ke3 0-1

[Event "30. Torneo San Viator 2018"]
[Site "Madrid ESP"]
[Date "2018.05.27"]
[Round "7.25"]
[White "Alvarez Cerbero, Julio Enrique"]
[Black "Matesanz Bonastre, Rafael"]
[Result "0-1"]
[WhiteElo "1501"]
[BlackElo "1856"]
[PlyCount "62"]
[EventDate "2018.04.08"]
[EventType "swiss"]
[EventRounds "9"]
[EventCountry "ESP"]
[SourceTitle "Ajedrez en Madrid"]
[Source "lmi"]
[SourceDate "2018.04.08"]

1. c4 f5 2. Nc3 Nf6 3. g3 e5 4. d3 Bb4 5. Bg2 O-O 6. a3 Bxc3+ 7. bxc3 d6 8. d4
Qe7 9. e3 f4 10. Ne2 fxg3 11. Nxg3 Ng4 12. O-O Qh4 13. h3 Nf6 14. dxe5 dxe5 15.
Kh2 Nc6 16. Qe2 Be6 17. e4 Ng4+ 18. Kg1 Nxf2 19. Nf5 Nxh3+ 20. Bxh3 Qxh3 21.
Rf3 Qg4+ 22. Qg2 Bxf5 23. exf5 Qxg2+ 24. Kxg2 Ne7 25. Bg5 Nxf5 26. Raf1 g6 27.
Rh3 Rae8 28. Rd1 Rf7 29. Rhd3 h6 30. Bd8 e4 31. Rd7 Ne3+ 0-1

[Event "30. Torneo San Viator 2018"]
[Site "Madrid ESP"]
[Date "2018.05.27"]
[Round "7.26"]
[White "Alvarez Poves, Jesus"]
[Black "Tudela Garcia, Antonio"]
[Result "1/2-1/2"]
[WhiteElo "1755"]
[BlackElo "1562"]
[PlyCount "108"]
[EventDate "2018.04.08"]
[EventType "swiss"]
[EventRounds "9"]
[EventCountry "ESP"]
[SourceTitle "Ajedrez en Madrid"]
[Source "lmi"]
[SourceDate "2018.04.08"]

1. d4 Nf6 2. c4 e6 3. Nc3 Bb4 4. Qc2 c5 5. Nf3 Qa5 6. Bd2 cxd4 7. Nxd4 d5 8.
cxd5 Nxd5 9. e4 Nxc3 10. bxc3 Bc5 11. Rc1 Bd7 12. Nb3 Qc7 13. Nxc5 Qxc5 14. Be3
Qc7 15. Bd3 e5 16. O-O O-O 17. f4 Nc6 18. f5 Ne7 19. f6 Ng6 20. Qd2 Be6 21. Bh6
Rfd8 22. fxg7 Qc5+ 23. Kh1 Qd6 24. Rcd1 Rac8 25. Qb2 Qc7 26. Bg5 Rd6 27. Qa3
Kxg7 28. Bf6+ Kg8 29. Qxa7 Rb6 30. Be2 Qc5 31. Rd8+ Rxd8 32. Bxd8 Rc6 33. Qxb7
Qxc3 34. Ba5 Qc1 35. Bb5 Rc2 36. h3 Qb2 37. Qa8+ Rc8 38. Qa6 Nf4 39. Rg1 Rc1
40. Rxc1 Qxc1+ 41. Kh2 Qb2 42. Bf1 Bxh3 43. Qa8+ Kg7 44. Qd8 h6 45. Bd2 Qa1 46.
Bc4 Bxg2 47. Bc3 Qh1+ 48. Kg3 Qh3+ 49. Kf2 Qf3+ 50. Kg1 Qxe4 51. Bb2 Qe3+ 52.
Kh2 Qh3+ 53. Kg1 Qe3+ 54. Kh2 Qh3+ 1/2-1/2

[Event "30. Torneo San Viator 2018"]
[Site "Madrid ESP"]
[Date "2018.05.27"]
[Round "7.27"]
[White "Conchillo Roman, Jose Ignacio"]
[Black "Herranz Suarez, David"]
[Result "1-0"]
[WhiteElo "1553"]
[BlackElo "1472"]
[PlyCount "71"]
[EventDate "2018.04.08"]
[EventType "swiss"]
[EventRounds "9"]
[EventCountry "ESP"]
[SourceTitle "Ajedrez en Madrid"]
[Source "lmi"]
[SourceDate "2018.04.08"]

1. f4 c5 2. Nf3 Nc6 3. e3 d5 4. b3 Nf6 5. Bb2 Bf5 6. Be2 e6 7. O-O Be7 8. d3
O-O 9. Ne5 h6 10. Bf3 Qb6 11. Nd2 Rab8 12. Kh1 Rfd8 13. Qe2 Rbc8 14. g4 Bh7 15.
g5 hxg5 16. Nxf7 gxf4 17. Nxd8 Rxd8 18. exf4 Bf5 19. Rg1 Bf8 20. Be5 Nxe5 21.
fxe5 Nd7 22. Bg4 Re8 23. Raf1 Bh7 24. Nf3 Re7 25. Ng5 g6 26. Nf3 Rg7 27. c3 Be7
28. h4 Nf8 29. Ng5 Qc6 30. d4 b6 31. Rf4 b5 32. Rgf1 c4 33. Rxf8+ Bxf8 34.
Bxe6+ Kh8 35. Rxf8+ Bg8 36. Qf3 1-0

[Event "30. Torneo San Viator 2018"]
[Site "Madrid ESP"]
[Date "2018.06.03"]
[Round "8.1"]
[White "Rodriguez Melendez, Juan Humbert"]
[Black "Renteria, Jorge"]
[Result "1/2-1/2"]
[WhiteElo "2174"]
[BlackElo "2276"]
[PlyCount "124"]
[EventDate "2018.04.08"]
[EventType "swiss"]
[EventRounds "9"]
[EventCountry "ESP"]
[SourceTitle "Ajedrez en Madrid"]
[Source "lmi"]
[SourceDate "2018.04.08"]

1. e4 d6 2. d4 Nf6 3. Nc3 e5 4. Nf3 Nbd7 5. Bc4 Be7 6. O-O O-O 7. Re1 a6 8. a4
b6 9. Nd5 Bb7 10. Nxe7+ Qxe7 11. d5 Nc5 12. Nd2 c6 13. b4 Nxa4 14. Rxa4 b5 15.
Ra5 bxc4 16. Nxc4 cxd5 17. exd5 Qc7 18. Ne3 Qb6 19. Ra3 a5 20. bxa5 Qb5 21. c4
Rxa5 22. Rxa5 Qxa5 23. Bd2 Qc7 24. Qb3 Ne4 25. Bb4 Qb6 26. Qb1 f5 27. Bxd6 Qxb1
28. Rxb1 Nxd6 29. c5 f4 30. cxd6 fxe3 31. Rxb7 e2 32. Rb1 Rd8 33. f4 exf4 34.
Kf2 Rxd6 35. Rb5 Kf7 36. Kxe2 Kf6 37. Kd3 Ke5 38. Kc4 Rh6 39. Rb7 g6 40. h3 f3
41. gxf3 Rxh3 42. Kc5 Rh1 43. Re7+ Kf6 44. Re6+ Kf5 45. Re8 Rc1+ 46. Kd6 h5 47.
Rf8+ Kg5 48. Ke7 Re1+ 49. Kd7 Rd1 50. d6 Kh4 51. Ke7 g5 52. d7 Kg3 53. d8=Q
Rxd8 54. Kxd8 h4 55. Ke7 h3 56. Ke6 g4 57. fxg4 Kxg4 58. Ke5 h2 59. Rh8 Kg3 60.
Ke4 Kg2 61. Rg8+ Kf2 62. Rh8 Kg2 1/2-1/2

[Event "30. Torneo San Viator 2018"]
[Site "Madrid ESP"]
[Date "2018.06.03"]
[Round "8.2"]
[White "Garcia Dorado, Alberto"]
[Black "Robles Diaz, Jose Alberto"]
[Result "1-0"]
[WhiteElo "2151"]
[BlackElo "2086"]
[PlyCount "127"]
[EventDate "2018.04.08"]
[EventType "swiss"]
[EventRounds "9"]
[EventCountry "ESP"]
[SourceTitle "Ajedrez en Madrid"]
[Source "lmi"]
[SourceDate "2018.04.08"]

1. d4 Nf6 2. c4 g6 3. Nf3 Bg7 4. g3 O-O 5. Bg2 d6 6. O-O Nc6 7. Nc3 a6 8. Qd3
Bf5 9. e4 Bg4 10. Be3 Nd7 11. Ne1 Nb6 12. f3 Bd7 13. Nc2 e5 14. d5 Ne7 15. b3
Bc8 16. c5 Nd7 17. b4 f5 18. Na3 f4 19. Bf2 g5 20. cxd6 cxd6 21. Nc4 Nf6 22.
gxf4 gxf4 23. Bb6 Qd7 24. Ba5 b5 25. Nd2 Ng6 26. Rfc1 Nh4 27. Bf1 Nh5 28. Bb6
Rf6 29. Ne2 Rg6+ 30. Kf2 Qb7 31. Ba5 Qa7+ 32. Ke1 Ng2+ 33. Kd1 Ne3+ 34. Ke1
Ng2+ 35. Kd1 Bh3 36. Kc2 Qf2 37. Kb2 Qe3 38. Rc3 Bd7 39. Qc2 Qf2 40. Rc1 Ne3
41. Qd3 Nxf1 42. Rxf1 Qxh2 43. Rc2 Rg2 44. Nc1 Ng3 45. Re1 h5 46. Ncb3 h4 47.
Rc7 Bh3 48. Qc2 Ne2 49. Bb6 Nd4 50. Bxd4 exd4 51. Qd3 Be5 52. Rec1 Qg3 53. Kb1
Rg1 54. Nxd4 Qf2 55. Nf5 Bxf5 56. exf5 Rxc1+ 57. Kxc1 Qg1+ 58. Kc2 Qd4 59. Qf1
Qxd5 60. Qg2+ Kh8 61. Qg6 Qxa2+ 62. Kd3 Qa3+ 63. Ke2 Qe3+ 64. Kd1 1-0

[Event "30. Torneo San Viator 2018"]
[Site "Madrid ESP"]
[Date "2018.06.03"]
[Round "8.3"]
[White "Sotoca Aguado, Jose"]
[Black "Longa Yauca, Javier"]
[Result "1-0"]
[WhiteElo "1847"]
[BlackElo "2250"]
[PlyCount "64"]
[EventDate "2018.04.08"]
[EventType "swiss"]
[EventRounds "9"]
[EventCountry "ESP"]
[SourceTitle "Ajedrez en Madrid"]
[Source "lmi"]
[SourceDate "2018.04.08"]

1. e4 Nf6 2. e5 Nd5 3. d4 d6 4. c4 Nb6 5. exd6 cxd6 6. Nf3 g6 7. Be2 Bg7 8. O-O
O-O 9. Nc3 Bg4 10. Be3 Nc6 11. b3 e6 12. Rc1 d5 13. c5 Nc8 14. h3 Bxf3 15. Bxf3
N8e7 16. Qd2 e5 17. Nb5 e4 18. Be2 Nf5 19. Bf4 a6 20. Nd6 Nfxd4 21. Rfd1 Qh4
22. Bg3 Qh6 23. Bf1 Qxd2 24. Rxd2 f5 25. Rcd1 f4 26. Bh4 e3 27. Rxd4 Nxd4 28.
fxe3 fxe3 29. Re1 Nf5 30. Bg5 Bd4 31. Be2 Bxc5 32. Nxb7 Bb4 1-0

[Event "30. Torneo San Viator 2018"]
[Site "Madrid ESP"]
[Date "2018.06.03"]
[Round "8.4"]
[White "Unciti Juan, Javier"]
[Black "Cervino Rossel, Cristobal"]
[Result "0-1"]
[WhiteElo "1970"]
[BlackElo "2063"]
[PlyCount "110"]
[EventDate "2018.04.08"]
[EventType "swiss"]
[EventRounds "9"]
[EventCountry "ESP"]
[SourceTitle "Ajedrez en Madrid"]
[Source "lmi"]
[SourceDate "2018.04.08"]

1. e4 e5 2. f4 d5 3. exd5 exf4 4. Nf3 Nf6 5. c4 c6 6. d4 cxd5 7. c5 Nh5 8. Be2
g5 9. O-O h6 10. Nxg5 hxg5 11. Bxh5 Bg7 12. g3 Bh3 13. Re1+ Kf8 14. gxf4 gxf4
15. Bxf4 Nc6 16. Qf3 Qf6 17. Bd6+ Kg8 18. Qxh3 Qg5+ 19. Kh1 Rxh5 20. Qd3 Qf5
21. Qxf5 Rxf5 22. Nc3 Nxd4 23. Rf1 Rh5 24. Rae1 Ne6 25. Re2 b6 26. cxb6 axb6
27. Rd2 d4 28. Ne4 Rh6 29. Rg2 Rg6 30. Nf6+ Kh8 31. Be5 Rxg2 32. Kxg2 Ra5 33.
Rf5 Rxe5 34. Rxe5 Bxf6 35. Rb5 d3 36. Kf2 Bd4+ 37. Ke1 Be3 38. Rf5 Kg7 39. Kd1
d2 40. Rf3 Bf4 41. h3 f5 42. Rb3 Nc5 43. Rf3 Ne6 44. a4 Kf6 45. b4 Ke5 46. a5
bxa5 47. bxa5 Ke4 48. Rc3 Be3 49. a6 f4 50. Rc6 Ng5 51. a7 Nxh3 52. a8=Q Nf2+
53. Kc2 d1=Q+ 54. Kb2 Nd3+ 55. Kc3 Qc1+ 0-1

[Event "30. Torneo San Viator 2018"]
[Site "Madrid ESP"]
[Date "2018.06.03"]
[Round "8.5"]
[White "Martinez Fernandez, Raul"]
[Black "Luque Ibanes, Manuel"]
[Result "1-0"]
[WhiteElo "2176"]
[BlackElo "1997"]
[PlyCount "61"]
[EventDate "2018.04.08"]
[EventType "swiss"]
[EventRounds "9"]
[EventCountry "ESP"]
[SourceTitle "Ajedrez en Madrid"]
[Source "lmi"]
[SourceDate "2018.04.08"]

1. e4 c5 2. b4 cxb4 3. Nf3 d5 4. exd5 Qxd5 5. c4 Qa5 6. d4 Nf6 7. Nbd2 Bg4 8.
h3 Bh5 9. g4 Bg6 10. Bg2 Nbd7 11. O-O Rc8 12. Re1 b5 13. Ne5 Nxe5 14. Rxe5 Qa4
15. Nb3 bxc4 16. Ra5 Qd7 17. Nc5 Rxc5 18. Rxc5 Ne4 19. Rxc4 e6 20. Bf4 Be7 21.
Rc7 Qb5 22. Bf1 Qa5 23. Rc8+ Bd8 24. Bc7 Qxc7 25. Rxc7 Bxc7 26. Qa4+ Ke7 27.
Qxa7 Kd6 28. Rc1 Nc3 29. Qc5+ Kd7 30. Bb5+ Kd8 31. Qxb4 1-0